000 00690nam a2200241 i 4500
001 bg
100 1 _aROSZKOWSKI, Zenon
245 1 0 _aMarketing bankowy /
_cZenon Roszkowski.
250 _aWyd.2 popr.
260 _aBiałystok :
_bWydaw. Wyższej Szkoły Ekonomicznej,
_c2002.
300 _a205 s. :
_bil. ;
_c24 cm.
504 _aBibliogr.
650 9 _aBanki
_xmarketing
655 _aPodręczniki akademickie
020 _a8387981753
040 _cBPK
041 0 _apol
080 _a336.71:339.138](07)
920 _a83-87981-75-3
942 _cKS
008 s pl f |000 0 pol
999 _c42703
_d42703
856 _uhttp://koha.tu.koszalin.pl/cgi-bin/koha/opac-detail.pl?biblionumber=42703
_yKatalog online BPK